Exposició endreçada al Excm consell de la mancomunitat catalana / per Ignasi Ferrés Solé ; [Pèl dret civil de Catalunya]
Descripción Física:
20 p. ; 21 cm
Materias:
Dret civil -- Catalunya
MARC
| LEADER | 00000nam a2200000Ia 4500 | ||
|---|---|---|---|
| 001 | 17604 | ||
| 008 | 160829s1914 xx 000 0 cat d | ||
| 080 | |a RF-16-60 | ||
| 100 | |a Ferrés Solé, Ignasi |9 48781 | ||
| 245 | |a Exposició endreçada al Excm consell de la mancomunitat catalana / per Ignasi Ferrés Solé ; [Pèl dret civil de Catalunya] | ||
| 260 | |a Valls : |b Imp. Castells, |c 1914 | ||
| 300 | |a 20 p. ; |c 21 cm | ||
| 590 | |a Prové 2780, exp. 20 | ||
| 650 | 0 | |a Dret civil |z Catalunya |9 10507 | |
| 856 | 4 | |u https://media.diba.cat/diba/fitxers/arxiu/fulletons/bib_17604_1914_baixa.pdf |y Accés lliure | |
| 856 | 4 | |u https://media.diba.cat/diba/fitxers/arxiu/fulletons/bib_17604_1914_baixa.pdf |y Accés lliure | |
| 901 | |a Arxiu | ||
| 942 | |n 1 |2 udc | ||
| 952 | |0 0 |1 0 |4 0 |6 RF1660 |7 1 |9 54853 |a Arxiu |b Arxiu |d 2016-12-01 |l 0 |o RF-16-60 |p 17604 |r 2016-12-01 00:00:00 |w 2016-12-01 |y ARXIU | ||
| 999 | |c 58723 |d 58723 | ||
| 900 | |a bib_17604_1914_baixa.pdf | ||